| 000 | 01126nam a22003617a 4500 | ||
|---|---|---|---|
| 001 | 0065778 | ||
| 003 | KOHA_MİRAKIL | ||
| 005 | 20260207004613.0 | ||
| 007 | ta | ||
| 008 | 200818b2020 tu |||gr||||#0|||0|tur | | ||
| 020 | _a9786057822369 | ||
| 040 |
_aTR-BiSEU _btur _cTR-BiSEU _erda |
||
| 041 | 0 | _atur | |
| 044 | _ctu | ||
| 050 |
_aHB171 _b.K68 2020 |
||
| 245 | 0 |
_aKovid-19 salgın ve sonrası ekonomi boyutu ile ilgili değerlendirmeler/ _cHazırlayan Mehmet Levent Yılmaz. |
|
| 264 | 1 |
_aAnkara : _bPolis Akademisi _c2020 |
|
| 300 |
_a52 sayfa ; _c24 cm. |
||
| 336 |
_ametin _btxt _2rdacontent |
||
| 337 |
_aaracısız _bn _2rdamedia |
||
| 338 |
_acilt _bnc _2rdacarrier |
||
| 490 | 1 |
_aPolis Akademisi Yayınları ; _v91. |
|
| 490 | 1 | _a Rapor No. | |
| 490 | 1 |
_a ; _v36 |
|
| 500 | _aKaynakça var. | ||
| 650 | 0 |
_aKovid-19 -- Ekonomi Boyutu ve Değerlendirmeler. _9123413 |
|
| 650 | 0 |
_aCovid-19 -- Economic Aspects and Evaluations. _9123414 |
|
| 830 | 1 |
_aPolis Akademisi Yayınları ; _v91. _955619 |
|
| 830 | 1 |
_a Rapor No. _9123415 |
|
| 830 | 1 |
_a ; _v36 _91620 |
|
| 907 | _aSosyal Bilimler | ||
| 942 |
_2lcc _cBK |
||
| 999 |
_c66113 _d66113 |
||